Niebezpieczny Henryk - Statystyki

Ogólne statystyki
  • Ten quiz został rozwiązany 331 razy
  • Średni wynik to 11 z 27
Statystyki odpowiedzi
Podpowiedź Odpowiedź % Poprawnych
Był niezniszczalny przez 2 dni Henryk
89%
Przyjaciel Henryka Jasper
85%
Zbudował całąkrójówkę i sprzęt Ścios
76%
Najmądrzejszaz przyjaciół henryka Charlotte
75%
Jest niezniszczalny Ray
70%
Siostra henryka Piper
60%
Jest niewidzialny Brad
57%
Pracuje dla Kapitana B Niebezpieczny
57%
Kapitan Bee kocha ją Mama Henryka
45%
Najgłupszy kryminalista Jeff
43%
On i kapitan są niezniszczalni Drex
40%
Podróżuje w czasie Czasożart
39%
Rzucił klątwę muzyczną Frankini
35%
Był niezniszczalny przez 3kwadranse Dzieciaczek
33%
Chce zniszczyć internet Rick Twitler
32%
Lubi jeść robaki Oliver
27%
Ma wiertło zamiast palca Wiertełko
27%
Ma obsesje na tym co ludzie o nim myślą Kapitan Bee
24%
Pomocnik Frankiniego Goomer
23%
Ma 30 lat i nadal chodzi do liceum Mitch
22%
Uciął budżet kapitanowii niebezpiecznemu Wiceburmistrz
21%
Wynalazł heliometr Dr. Minyak
19%
Nauczycielka Pani Shapen
19%
Jest głupi Tata Henryka
19%
Współpracuje z RickemTwitlerem Pszczelarz
13%
Występuje w wiadomościach Mary Gaperman
11%
Występuje w wiadomościach Trent Overunder
9%
Nie znaleziono quizów pasujących do podanych kryteriów
Rozkład punktacji
Procent ludzi z każdym wynikiem
Percentyl według liczby udzielonych odpowiedzi
Twoja historia wyników
Nie rozwiązałeś tego quizu